00942 2200325 4500001002100000005001500021035002000036007000300056008004100059020002300100040002200123082001500145084001700160090002100177090002100198100003300219245011000252250002300362300002500385650000900410700002300419850001200442041000800454504002500462264003400487336002100521337003000542338002300572990002100595INLIS00000000084797120190529115748 a0010-0519001306ta190529t2019 yoi g ind d a9787-979-21-5677-5 aYOPDYOGbinderda04223a234.23 a234.23 HAR m aDEP 234.23 HAR m aCB-D.11 2019-5100 aHardi Sastra Atmajaepenulis10aMewartakan di lingkungan :b50 tema dan gagasan pokok /cpenulis, Hardi Sastra Atmaja; editor, Widiantoro aCetakan ke-1, 2019 a214 halaman ;c25 cm 4aIman0 aWidiantoroeeditor aYOPDYOG0 aind aTermasuk bibliografi31aYogyakarta :bKanisius,c2019 2rdacontentateks 2rdamediaatanpa perantara 2rdacarrieravolume aCB-D.11/2019-510